Migración mexicana altamente calificada: 1990-2013/

Guardado en:
Bibliografiske detaljer
Hovedforfatter: Gaspar, Selene
Andre forfattere: Chávez, Mónica
Format: Bog
Sprog:Spanish
Tags: Tilføj Tag
Ingen Tags, Vær først til at tagge denne postø!

MARC

LEADER 00000nam a22000007a 4500
003 cru CIDCACS/IIS
005 20180413112724.0
007 ta
008 180413s2016 mx |||p|r||||||0| ||spa|d
999 |c 41267  |d 41267 
040 |c cru CIDCACS/IIS 
100 1 |9 6941  |a Gaspar, Selene 
245 1 |a Migración mexicana altamente calificada:  |b 1990-2013/  |c Selene Gaspar 
300 |a páginas 81-110:  |b tablas, gráficos, mapas 
700 1 |9 6942  |a Chávez, Mónica 
773 0 |0 19182  |9 1956  |a Universidad Nacional Autónoma de México.  |d México, D.F.: UNAM, 1969-  |o 18693  |t Problemas del desarrollo:  |x 03017036 
942 |2 ddc  |c PP